Vista normal Vista MARC

Entrada Materia (personas)

Número de registros utilizados en: 3

001 - CONTROL NUMBER

  • control field: 135841

003 - CONTROL NUMBER IDENTIFIER

  • control field: Co-BoUCM

005 - DATE AND TIME OF LATEST TRANSACTION

  • control field: 20211021072722.0

008 - FIXED-LENGTH DATA ELEMENTS

  • fixed length control field: 211021|| aca||aabn | a|a d

040 ## - CATALOGING SOURCE

  • Original cataloging agency: Co-BoUCM
  • Transcribing agency: Co-BoUCM

100 ## - HEADING--PERSONAL NAME

  • Personal name: Farré, X

670 ## - SOURCE DATA FOUND

  • Source citation: Work cat.: (Co-BoUCM)58389: Herbert, Zbigniew 1924-1998 135839, Naturaleza muerta con brida ensayos y apócrifos ;traducción de X. Ferré, 2008